00393nam a2200133Ia 4500008004100000020000500041082001600046100000900062245006800071260006100139300000500200650000900205650004500214140316s9999 xx 000 0 und d a aNAIP/ICARb aNAIP aReport on second mid-term review by World Bank Mission May,2010 aNew DelhibIndian Council of Agricultural Researchc2010 a aNAIP aNational Agricultural Innovation Project